HAPPINESS, A Mystery & 66 attempts to solve it / (Record no. 184381)

MARC details
000 -LEADER
fixed length control field 00714nam a22002291i 4500
005 - DATE AND TIME OF LATEST TRANSACTION
control field 20210715104143.0
008 - FIXED-LENGTH DATA ELEMENTS--GENERAL INFORMATION
fixed length control field 210715s2020 enka|||g ||| ||0 0 eng d
020 ## - INTERNATIONAL STANDARD BOOK NUMBER
International Standard Book Number 9781788162944
Terms of availability RM 79.90
Qualifying information hardback
040 ## - CATALOGING SOURCE
Original cataloging agency PPAK
Language of cataloging eng
Transcribing agency PPAK
Description conventions rda
082 04 - DEWEY DECIMAL CLASSIFICATION NUMBER
Edition number 23
Classification number 158
090 00 - LOCALLY ASSIGNED LC-TYPE CALL NUMBER (OCLC); LOCAL CALL NUMBER (RLIN)
Classification number (OCLC) (R) ; Classification number, CALL (RLIN) (NR) 158
Feature heading HAN
Feature heading G
100 1# - MAIN ENTRY--PERSONAL NAME
Personal name Hannah, Sophie,
Relator term author.
245 10 - TITLE STATEMENT
Title HAPPINESS, A Mystery & 66 attempts to solve it /
Statement of responsibility, etc. Sophie Hannah
264 #1 - PRODUCTION, PUBLICATION, DISTRIBUTION, MANUFACTURE, AND COPYRIGHT NOTICE
Place of production, publication, distribution, manufacture London :
Name of producer, publisher, distributor, manufacturer Profile Books Ltd. : Wellcome Collection,
Date of production, publication, distribution, manufacture, or copyright notice 2020
300 ## - PHYSICAL DESCRIPTION
Extent 192 pages ;
Dimensions 25 cm.
336 ## - CONTENT TYPE
Source rdacontent
Content type term text
337 ## - MEDIA TYPE
Source rdamedia
Media type term unmediated
338 ## - CARRIER TYPE
Source rdacarrier
Carrier type term volume
650 10 - SUBJECT ADDED ENTRY--TOPICAL TERM
Topical term or geographic name entry element Happiness.
Topical term or geographic name entry element Self-actualization (Psychology)
942 ## - ADDED ENTRY ELEMENTS (KOHA)
Source of classification or shelving scheme Dewey Decimal Classification
Koha item type Book
Holdings
Withdrawn Not for loan Current library Shelving location Date acquired Total Checkouts Total Renewals Full call number Barcode Date last seen Date last checked out Koha item type
    Perpustakaan Alor Setar Pinjaman Dewasa 15/07/2021 2 2 158 HAN A01697353 11/11/2024 21/10/2024 Book
    Perpustakaan Awam Sungai Petani Pinjaman Dewasa 15/07/2021 5 1 158 HAN A01697354 25/10/2025 05/10/2025 Book
    Perpustakaan Jitra Pinjaman Dewasa 15/07/2021     158 HAN A01697355 15/07/2021   Book
    Perpustakaan Kulim Pinjaman Dewasa 15/07/2021     158 HAN A01697356 15/07/2021   Book